Central Library OPAC University of Rajshahi

Planning and control with PERT/CPM / (Record no. 76028)

MARC details
000 -LEADER
fixed length control field 00865cam a22002771 4500
001 - CONTROL NUMBER
control field 76028
003 - CONTROL NUMBER IDENTIFIER
rucl marc code BD-RjUL
005 - DATE AND TIME OF LATEST TRANSACTION
control field 20211209082758.0
008 - FIXED-LENGTH DATA ELEMENTS--GENERAL INFORMATION
fixed length control field 711020s1966 nyua b 000 0 eng
020 ## - INTERNATIONAL STANDARD BOOK NUMBER
International Standard Book Number 070373655
Terms of availability : 7.45
035 ## - SYSTEM CONTROL NUMBER
System control number (BD-RjUL)76247
040 ## - CATALOGING SOURCE
Original cataloging agency DLC
Transcribing agency DLC
Modifying agency DLC
Language of cataloging eng
041 ## - LANGUAGE CODE
Language code of text/sound track or separate title eng
082 00 - DEWEY DECIMAL CLASSIFICATION NUMBER
Classification number 658.4032
Edition number 23
Author mark and year LEP 1966
100 1# - MAIN ENTRY--PERSONAL NAME
Personal name Levin, Richard I.
9 (RLIN) 233689
245 10 - TITLE STATEMENT
Title Planning and control with PERT/CPM /
Statement of responsibility, etc. [by] Richard I. Levin [and] Charles A. Kirkpatrick.
260 ## - PUBLICATION, DISTRIBUTION, ETC. (IMPRINT)
Place of publication, distribution, etc. New York :
Name of publisher, distributor, etc. McGraw-Hill ,
Date of publication, distribution, etc. [1966]
300 ## - PHYSICAL DESCRIPTION
Pagination x, 179 p. :
Illustrations ill. ;
Size 21 cm.
504 ## - BIBLIOGRAPHY, ETC. NOTE
Bibliography, etc Bibliography: p. [158]-166.
650 #0 - SUBJECT ADDED ENTRY--TOPICAL TERM
Topical term or geographic name as entry element Network analysis (Planning)
9 (RLIN) 233690
700 1# - ADDED ENTRY--PERSONAL NAME
Personal name Kirkpatrick, Charles Atkinson,
906 ## - LOCAL DATA ELEMENT F, LDF (RLIN)
a 7
b cbc
c orignew
d u
e ocip
f 19
g y-gencatlg
942 ## - ADDED ENTRY ELEMENTS (KOHA)
Source of classification or shelving scheme Dewey Decimal Classification
Koha item type Books
Holdings
Lost status Source of classification or shelving scheme Damaged status Not for loan Collection code Permanent Location Current Location Shelving location Date acquired Source of acquisition Cost, normal purchase price Total Checkouts Full call number Date last seen Copy number Koha item type
  Dewey Decimal Classification   Not For Loan Non-fiction Central Library, University of Rajshahi Central Library, University of Rajshahi Reading Room 26/02/1980 Heffers 7.45   658.4032 LEP 1966 15/10/2019 C-1 Books
  Dewey Decimal Classification     Non-fiction Central Library, University of Rajshahi Central Library, University of Rajshahi   26/02/1980 Heffers 7.45   658.4032 LEP 1966 16/10/2019 C-2 Books